000 00797nam a2200253Ia 4500
003 OSt
005 20220924115139.0
006 a|||||r|||| 00| 0
007 ta
008 220923b |||||||| |||| 00| 0 san d
024 _a40301
037 _cTextual
040 _aARTS
_cARTS
_bsan
041 _2san
_asan
082 _aO15,1:g(S:5), 15M1
100 _aUpadhyaya Gokul Nath
_9176978
245 0 _aRasa maharanava
260 _aDarbhanga Kamleshwar Singh, Darbhanga Sanskrit Vishwavidhyalya India
_c1981
650 _aSANSKRIT LITERATURE
700 _a Jha Dharam Nath Ed.
_9176979
700 _a Sharma Kumud Nath Ed.
_9176980
942 _hO15,1:g(S:5), 15M1
_cTEXL
_2CC
999 _c396990
_d396990